[Event "Maastricht Limburg op-C 8th"]
[Site "Maastricht"]
[Date "2014.06.09"]
[Round "7"]
[White "Schloesser, Matthias"]
[Black "Olmos Sanz, Francisco J"]
[Result "0-1"]
[WhiteElo "1583"]
[BlackElo "1655"]
[PlyCount "54"]
[EventDate "2014.06.06"]
[EventType "swiss"]
[EventRounds "7"]
[EventCountry "NED"]
[SourceTitle "EXT 2015"]
[Source "ChessBase"]
[SourceDate "2014.11.20"]
[SourceVersion "1"]
[SourceVersionDate "2014.11.20"]
[SourceQuality "1"]

1. e4 c5 2. b3 Nc6 3. Bb2 d6 4. Bb5 Bd7 5. f4 e6 6. Nf3 Nf6 7. Nc3 Be7 8. Bxc6 Bxc6 9. Qe2 0-0 10. 0-0 a6 11. e5 Ne8 12. d3 b5 13. exd6 Nxd6 14. Ne5 Bb7 15. Ne4 Nf5 16. Nf3 Qb6 17. c4 Rad8 18. Rad1 Rd7 19. Ne5 Rdd8 20. Nf3 Qc6 21. Ne5 Qc8 22. Qf3 f6 23. Ng4 Nd4 24. Bxd4 Rxd4 25. f5 exf5 26. Qxf5 Qxf5 27. Nexf6+ Qxf6 0-1

[Event "Maastricht Limburg op-C 8th"]
[Site "Maastricht"]
[Date "2014.06.07"]
[Round "2"]
[White "Schloesser, Matthias"]
[Black "Bratuszewski, Jorden"]
[Result "0-1"]
[WhiteElo "1583"]
[BlackElo "1672"]
[PlyCount "106"]
[EventDate "2014.06.06"]
[EventType "swiss"]
[EventRounds "7"]
[EventCountry "NED"]
[SourceTitle "EXT 2015"]
[Source "ChessBase"]
[SourceDate "2014.11.20"]
[SourceVersion "1"]
[SourceVersionDate "2014.11.20"]
[SourceQuality "1"]

1. e4 d6 2. d4 Nf6 3. Nd2 g6 4. Ngf3 Bg7 5. c3 0-0 6. Bc4 Nbd7 7. 0-0 e5 8. dxe5 dxe5 9. Qe2 Ne8 10. Bb3 Nd6 11. Nc4 Nxc4 12. Bxc4 Nc5 13. Rd1 Qe7 14. Bg5 Bf6 15. Qe3 Bxg5 16. Nxg5 Kg7 17. b4 Nd7 18. Rd2 Nb6 19. Bb3 f6 20. Nf3 Be6 21. Rad1 a5 22. Bxe6 Qxe6 23. Qc5 axb4 24. cxb4 Rfc8 25. Qc2 Qc4 26. Qxc4 Nxc4 27. Rc2 Nd6 28. Nd2 Ra4 29. f3 Rxb4 30. Nb3 Rc4 31. Rxc4 Nxc4 32. Rd7+ Kg8 33. Nc5 Nd6 34. Ne6 Ne8 35. Kf2 b5 36. Rd8 Rxd8 37. Nxd8 c5 38. Ke2 Nd6 39. Ne6 c4 40. a3 Kf7 41. Nc5 Ke7 42. Kd2 f5 43. exf5 gxf5 44. a4 b4 45. a5 Nb5 46. h4 b3 47. Kc1 Kd6 48. Na4 e4 49. fxe4 fxe4 50. a6 Kc6 51. g4 e3 52. g5 c3 53. h5 b2+ 0-1